Diccionario de autores dominicanos 1492-2003 / (Registro nro. 14333)
[ vista simple ]
| 000 -LIDER | |
|---|---|
| fixed length control field | 01107nam a2200289 a 4500 |
| 001 - NÚMERO DE CONTROL | |
| Identificador de número de control | |
| 003 - IDENTIFICACDOR DE NÚMERO DE CONTROL | |
| control field | DO-SdBNP |
| 005 - DATE AND TIME OF LATEST TRANSACTION | |
| control field | 20221116125906.0 |
| 008 - ELEMENTOS DE LONGITUD FIJA | |
| fixed length control field | 100212s2003 dr a 000 0 spa d |
| 020 ## - ISBN | |
| International Standard Book Number | 9993473227 |
| 040 ## - FUENTE DE CATALOGACIÓN | |
| Agencia que crea de manera original el registro | DO-SdBNP |
| Idioma de catalogación | spa |
| Agencia que realiza la transcripción | BPMSU |
| 082 ## - NÚMERO DE CLASIFICACIÓN DECIMAL DE DEWEY | |
| Classification number | R928.03 |
| Item number | G377d, 2003 |
| Edition number | 22 |
| 100 1# - ASIENTO PRINCIPAL -- NOMBRE PERSONAL | |
| Nombre personal | Gerón, Cándido, |
| Fechas asociadas con el nombre | 1950- |
| 245 10 - MENCIÓN DE TITULO | |
| Título | Diccionario de autores dominicanos 1492-2003 / |
| Mención de responsabilidad | Cándido Gerón ; prólogo Joaquín Balaguer ; fotografías de Hugo Méndez Hernández |
| 250 ## - MENCIÓN DE EDICION | |
| Mención de edición | 4a ed. aum., actualizada y corr. |
| 260 ## - PUBLICACIÓN, DISTRIBUCIÓN, ETC. (PIE DE IMPRENTA) | |
| Lugar de publicación, distribución, etc | Santo Domingo : |
| Nombre del editor, distribuidor, etc. | Editora de Colores, |
| Fecha de publicación, distribución, etc | 2003. |
| 300 ## - DESCRIPCIÓN FÍSICA | |
| Extensión | 297 p. : |
| Otros detalles físicos | il., retrs. ; |
| Dimensiones | 31 cm. |
| 500 ## - NOTA GENERAL | |
| Nota general | Incluye datos biográficos del autor en la solapa de la cubierta |
| 504 ## - NOTA DE BIBLIOGRAFÍA, ETC. | |
| Bibliography, etc | Incluye referencias bibliográficas e índice de autores. |
| 590 ## - NOTA LOCAL | |
| Enlace | Inventariado, 2022/VM |
| 650 #4 - ENCABEZAMIENTO DE MATERIA--TEMÁTICO | |
| Término temático o nombre geográfico como elemento de entrada | Autores dominicanos |
| Subdivisión de forma | Diccionarios |
| -- | Biografías |
| 651 14 - ENCABEZAMIENTO DE MATERIA--NOMBRE GEOGRÁFICO | |
| Nombre geográfico | República Dominicana |
| Subdivisión temática general | Biografías |
| -- | Diccionarios |
| 700 1# - ASIENTO SECUNDARIO -- NOMBRE PERSONAL | |
| Nombre personal | Balaguer, Joaquín |
| Mención de responsabilidad | Pról. |
| 700 1# - ASIENTO SECUNDARIO -- NOMBRE PERSONAL | |
| Nombre personal | Méndez Hernández, Hugo |
| Mención de responsabilidad | fotografías |
| 910 ## - VALIDACIÓN | |
| Validación | VMateo V./Validado |
| 942 ## - ADDED ENTRY ELEMENTS (KOHA) | |
| Source of classification or shelving scheme | Dewey Decimal Classification |
| Koha item type | Libros |
| Withdrawn status | Lost status | Source of classification or shelving scheme | Damaged status | Not for loan | Collection code | Home library | Current library | Date acquired | Total Checkouts | Full call number | Barcode | Date last seen | Price effective from | Koha item type |
|---|---|---|---|---|---|---|---|---|---|---|---|---|---|---|
| Dewey Decimal Classification | Colección de Referencia Dominicana | Biblioteca Pública Metropolitana Salomé Ureña | Biblioteca Pública Metropolitana Salomé Ureña | 11/16/2022 | BPMSU CDR R928.03 G377d, 2003 | BPMSU22110019 | 11/16/2022 | 11/16/2022 | Libros |